Statistics for BTS Songs Quiz (2024)

Click here to take the quiz!

General Stats

  • This quiz has been taken 17,148 times
    (2,682 since last reset)
  • The average score is 117 of 241

Answer Stats

Album/EPSong% Correct
Butter
89%
N.O.
89%
N.O
89%
Boy With Luv
86%
Dynamite
84%
Run
84%
RUN
84%
Boy In Luv
83%
Boy in Luv
83%
No More Dream
80%
No More Dream
79%
FAKE LOVE
78%
ON
78%
Blood Sweat & Tears
77%
Blood Sweat & Tears
77%
DNA
77%
IDOL
73%
Spring Day
72%
Trivia: Love
72%
Burning Up (FIRE)
71%
Love Yourself 'Answer'Euphoria
71%
Danger
70%
I NEED U
69%
I Need U
69%
Black Swan
68%
MIC Drop
67%
BELife Goes On
66%
Permission to Dance
65%
Save Me
65%
Dope
63%
Run BTS
62%
Butterfly
61%
Interlude: Wings
61%
Love Yourself 'Her'Intro: Serendipity
61%
Lie
61%
Outro: Wings
61%
Serendipity
61%
MAP OF THE SOUL: 7 | MAP OF THE SOUL: PERSONAIntro: Persona
60%
Go Go
59%
HOME
59%
Stay
59%
Anpanman
58%
Not Today
58%
We Are Bulletproof Pt. 2
58%
Airplane Pt.2
57%
Coffee
57%
Epilogue: Young Forever
57%
Love Yourself 'Tear'Intro: Singularity
57%
Outro: Tear
57%
Singularity
57%
Tear
57%
War of Hormone
57%
Dimple
56%
Filter
56%
Like
56%
Magic Shop
56%
Pied Piper
56%
Dionysus
55%
Just One Day
55%
Epiphany
54%
Silver Spoon
54%
Make It Right
53%
Moon
53%
Her
52%
Mikrokosmos
52%
Outro: Her
52%
Begin
51%
Friends
51%
Jump
51%
00:00 (Zero O'Clock)
50%
Stigma
50%
Trivia: Seesaw
50%
BTS Cypher 4
49%
House Of Cards
49%
I'm Fine
49%
Outro: House of Cards
49%
Yet To Come
49%
Blue & Grey
48%
BTS Cypher Pt.1
48%
Love Maze
48%
MAMA
48%
Outro: Ego
48%
UGH!
48%
My Time
47%
For You
46%
21st Century Girl
45%
Best Of Me
45%
Stay Gold
45%
The Truth Untold
45%
Dis-ease
44%
Jamais Vu
44%
We are Bulletproof: the Eternal
44%
Awake
43%
Interlude: Shadow
43%
Louder than Bombs
43%
Telepathy
43%
BTS Cypher PT.3: KILLER
42%
Converse High
42%
Fly To My Room
41%
Paradise
41%
So What
41%
134340
40%
Attack on Bangtan
40%
Autumn Leaves
40%
First Love
40%
Ma City
40%
Rain
40%
Spine Breaker
40%
Tomorrow
40%
Trivia: Just Dance
40%
Inner Child
39%
Answer: Love Myself
38%
Wake Up (Standard Edition)Intro.
38%
Wings | You Never Walk AloneIntro: Boy Meets Evil
38%
Outro.
38%
2! 3!
37%
Crystal Snow
37%
Whalien 52
37%
ProofBorn Singer
36%
Boyz with Fun
36%
Lights
36%
Lost
36%
Reflection
36%
BTS Cypher Pt.2: Triptych
35%
BTS WORLD (Original Soundtrack)Heartbeat
35%
A Supplementary Story: You Never Walk Alone
34%
Film out
34%
Take Two
34%
Don't Leave Me
33%
Hold Me Tight
33%
Let Go
33%
Am I Wrong
32%
For Youth
32%
2 Cool 4 SkoolIntro: 2 Cool 4 Skool
32%
Respect
32%
We On
32%
Interlude
31%
Embarrassed
30%
Let Me Know
30%
Wake Up
30%
2nd Grade
28%
All Night
28%
YouthIntroduction: Youth
28%
Skool Luv AffairIntro: Skool Luv Affair
28%
Your eyes tell
28%
Look Here
27%
Dream Glow
26%
If I Ruled the World
26%
O!RUL8,2?Intro: O!RUL8,2?
26%
The Most Beautiful Moment in Life Pt.1 | The Most Beautiful Moment in Life: Young ForeverIntro: The Most Beautiful Moment in Life
26%
Love Is Not Over
26%
Outro: Love Is Not Over
26%
24 7=Heaven
25%
Hip Hop Phile
25%
Paldogangsan
25%
Singles/Other SongsMiss Right
24%
Moving On
24%
The Most Beautiful Moment in Life Pt.2Intro: Never Mind
22%
A Brand New Day
21%
Could You Turn off Your Cell Phone
21%
Outro: Propose
20%
Outro: Luv in Skool
19%
Where You From
18%
Good Day
17%
Dark & WildIntro: What Am I to You
17%
line!Pt.2 - Ano Bashode
17%
Outro: Circle Room Cypher
16%
OUTRO: The Journey
16%
Wishing On A Star
16%
The Stars
15%
The Planet
14%
OUTRO: Crack
13%
Outro: Do You Think It Makes Sense?
13%
FACE YOURSELFINTRO: Ringwanderung
12%
Interlude: What Are You Doing Now
11%
MAP OF THE SOUL: 7 ~ The Journey ~INTRO: Calling
10%

Score Distribution

Percentile by Number Answered

Percent of People with Each Score

Your Score History

You have not taken this quiz since the last reset